000 00408nam a22001577a 4500
003 OSt
005 20140311130134.0
008 130213t xxu||||| |||| 00| 0 eng d
050 _aCT 9981
_b .C928 1959
082 _aM 920.8
_bC86 1959
245 _aThe Great Impostor
_cCrichton, Robert
260 _aNew York
_bRandom House
_cc1959
300 _a218 p.
_c21 cm.
541 _j1
942 _2lcc
_cBK
_kM
999 _c35449
_d35449